| 000 | 00499nam a2200181Ia 4500 | ||
|---|---|---|---|
| 001 | 57357 | ||
| 008 | 140507s9999 xx 000 0 und d | ||
| 020 | _a9781851686520 | ||
| 040 | _cPK-LaUMT | ||
| 082 |
_a 267.09409032 _bELM-E |
||
| 100 | _aElmarsafy, Ziad | ||
| 245 | 4 |
_aThe enlightenment Quran _bthe politics of translation and the construction of Islam _cElmarsafy, Ziad |
|
| 260 |
_aOxfrod,England: _bOne World, _c2011 |
||
| 300 | _a269 p. | ||
| 546 | _aEN | ||
| 650 | _aQuran | ||
| 942 | _cBK | ||
| 999 |
_c54648 _d54648 |
||